<?xml version="1.0" encoding="UTF-8"?>
<record
    xmlns:xsi="http://www.w3.org/2001/XMLSchema-instance"
    xsi:schemaLocation="http://www.loc.gov/MARC21/slim http://www.loc.gov/standards/marcxml/schema/MARC21slim.xsd"
    xmlns="http://www.loc.gov/MARC21/slim">

  <leader>01009aaa a2200229 a 4500</leader>
  <controlfield tag="001">79044</controlfield>
  <controlfield tag="003">BD-RjUL</controlfield>
  <controlfield tag="005">20211221143808.0</controlfield>
  <controlfield tag="008">211221s1911    ua ||||| |||| 00| 0 ara d</controlfield>
  <datafield tag="035" ind1=" " ind2=" ">
    <subfield code="a">(BD-RjUL)79044</subfield>
  </datafield>
  <datafield tag="040" ind1=" " ind2=" ">
    <subfield code="a">BD-RjUL</subfield>
    <subfield code="b">eng</subfield>
    <subfield code="c">BD-RjUL</subfield>
  </datafield>
  <datafield tag="041" ind1=" " ind2=" ">
    <subfield code="a">ara</subfield>
  </datafield>
  <datafield tag="082" ind1=" " ind2=" ">
    <subfield code="2">23</subfield>
    <subfield code="a">297.63092</subfield>
    <subfield code="b">HUS 1911</subfield>
  </datafield>
  <datafield tag="100" ind1="1" ind2="0">
    <subfield code="a">&#x627;&#x644;&#x62D;&#x633;&#x634;&#x646;&#x64A;,  &#x623;&#x628;&#x648; &#x630;&#x631; &#x628;&#x646; &#x645;&#x62D;&#x645;&#x62F; &#x628;&#x646; &#x645;&#x633;&#x639;&#x648;&#x62F;.;; Al-Hasashni, Abu Dhar bin Muhammad bin Masoud. </subfield>
    <subfield code="9">299</subfield>
  </datafield>
  <datafield tag="245" ind1="1" ind2="0">
    <subfield code="a">&#x634;&#x631;&#x62D; &#x627;&#x644;&#x633;&#x64A;&#x631;&#x629; &#x627;&#x644;&#x646;&#x628;&#x648;&#x64A;&#x629; &#x628;&#x631;&#x648;&#x627;&#x64A;&#x629; &#x627;&#x628;&#x646; &#x647;&#x634;&#x627;&#x645; ;; [&#x160;ar&#x1E25; as-s&#x12B;ra an-nabaw&#x12B;ya riw&#x101;yat Ibn-Hi&#x161;&#x101;m]=Monuments of Arabic  Philology /</subfield>
    <subfield code="c">By &#x62A;&#x623;&#x644;&#x64A;&#x641; &#x623;&#x628;&#x648; &#x630;&#x631; &#x628;&#x646; &#x645;&#x62D;&#x645;&#x62F; &#x628;&#x646; &#x645;&#x633;&#x639;&#x648;&#x62F; &#x627;&#x644;&#x62D;&#x633;&#x634;&#x646;&#x64A; ;; ta'l&#x12B;f Ab&#x16B;-D&#x332;arr Ibn-Mu&#x1E25;ammad Ibn-Mas&#x2BB;&#x16B;d al-&#x1E2A;u&#x161;an&#x12B;. Ista&#x1E2B;ra&#x1E7;ah&#x16B; wa-&#x1E63;a&#x1E25;&#x1E25;a&#x1E25;ah&#x16B; Paul Br&#xF6;nnle.</subfield>
  </datafield>
  <datafield tag="260" ind1="1" ind2=" ">
    <subfield code="a">Misr : </subfield>
    <subfield code="b">Matbuat Hidaya,</subfield>
    <subfield code="c">1911</subfield>
  </datafield>
  <datafield tag="300" ind1=" " ind2=" ">
    <subfield code="a">466 p.; </subfield>
    <subfield code="c">23 cm</subfield>
  </datafield>
  <datafield tag="600" ind1=" " ind2=" ">
    <subfield code="a"> Mohammed. </subfield>
    <subfield code="9">305</subfield>
  </datafield>
  <datafield tag="600" ind1=" " ind2=" ">
    <subfield code="a"> Mu&#x1E25;ammad </subfield>
    <subfield code="d">570-632 </subfield>
    <subfield code="9">306</subfield>
  </datafield>
  <datafield tag="650" ind1=" " ind2=" ">
    <subfield code="a">Biographie. </subfield>
    <subfield code="9">302</subfield>
  </datafield>
  <datafield tag="942" ind1=" " ind2=" ">
    <subfield code="2">ddc</subfield>
    <subfield code="c">BK</subfield>
  </datafield>
  <datafield tag="999" ind1=" " ind2=" ">
    <subfield code="c">79044</subfield>
    <subfield code="d">79044</subfield>
  </datafield>
  <datafield tag="952" ind1=" " ind2=" ">
    <subfield code="0">0</subfield>
    <subfield code="1">0</subfield>
    <subfield code="2">ddc</subfield>
    <subfield code="4">0</subfield>
    <subfield code="7">1</subfield>
    <subfield code="8">NFIC</subfield>
    <subfield code="a">RUCL</subfield>
    <subfield code="b">RUCL</subfield>
    <subfield code="c">Reading</subfield>
    <subfield code="d">1968-09-12</subfield>
    <subfield code="e">zeitlinger</subfield>
    <subfield code="g">400.00</subfield>
    <subfield code="o">A 297.63092  HU S V-2 1911</subfield>
    <subfield code="r">2021-12-21 00:00:00</subfield>
    <subfield code="t">C-1</subfield>
    <subfield code="y">BK</subfield>
  </datafield>
</record>
